|
|
|
|
| LEADER |
01464nam a2200301 a 4500 |
| 001 |
GR-Patra4815 |
| 008 |
991022s1990 gr 000 0 gre d |
| 040 |
|
|
|a GrPaTEI
|b gre
|c GR-PaULI
|
| 245 |
0 |
0 |
|a Διοίκηση παραγωγής.
|
| 250 |
|
|
|a 3η εκδ. 1η αν.
|
| 260 |
|
|
|a Αθήνα :
|b [χ.ό.],
|c 1990
|
| 300 |
|
|
|a 412σ. :
|b διαγρ., πίν.
|
| 504 |
|
|
|a Βιβλιογραφία: σ.401-412
|
| 650 |
|
4 |
|a ΑΠΟΘΕΜΑΤΑ
|
| 650 |
|
4 |
|a ΔΙΟΙΚΗΣΗ
|
| 650 |
|
4 |
|a ΕΛΕΓΧΟΣ
|
| 650 |
|
4 |
|a ΠΑΡΑΓΩΓΗ
|
| 650 |
|
4 |
|a Προγραμματισμός
|
| 650 |
|
4 |
|a ΠΡΟΙΟΝ
|
| 650 |
|
4 |
|a ΣΥΣΤΗΜΑΤΑ
|
| 650 |
|
4 |
|a ΣΧΕΔΙΑΣΗ ΠΡΟΙΟΝΤΟΣ
|
| 700 |
1 |
|
|a Λιαρμακόπουλος, Λογοθέτης Μιχ.
|
| 942 |
|
|
|2 ddc
|
| 952 |
|
|
|0 0
|1 0
|2 ddc
|4 0
|6 658_500000000000000_ΛΙΑ
|7 0
|9 285832
|a LISK
|b LISK
|c ALF
|d 2021-01-17
|e 24
|f 0
|g 0.00
|l 0
|o 658.5 ΛΙΑ
|p 9241008487
|r 2021-01-17 00:00:00
|t 1
|w 2021-01-17
|y BK15
|x 19991024 0 1
|x GrPaTEI
|
| 952 |
|
|
|0 0
|1 0
|2 ddc
|4 0
|6 658_500000000000000_ΛΙΑ
|7 0
|9 285833
|a LISK
|b LISK
|c ALF
|d 2021-01-17
|e 24
|f 0
|g 0.00
|l 0
|o 658.5 ΛΙΑ
|p 9241008488
|r 2021-01-17 00:00:00
|t 1
|w 2021-01-17
|y BK15
|x 19991024 0 1
|x GrPaTEI
|
| 952 |
|
|
|0 0
|1 0
|2 ddc
|4 0
|6 658_500000000000000_ΛΙΑ
|7 0
|9 285834
|a LISK
|b LISK
|c ALF
|d 2021-01-17
|e 24
|f 0
|g 0.00
|l 0
|o 658.5 ΛΙΑ
|p 9241008489
|r 2021-01-17 00:00:00
|t 1
|w 2021-01-17
|y BK15
|x 19991024 0 1
|x GrPaTEI
|
| 971 |
|
|
|a .b26523206
|b 15-04-20
|c 23-09-16
|
| 999 |
|
|
|c 166710
|d 166710
|